000 00686nam a2200289Ia 4500
005 20260324124853.0
008 008 260324s9999 xx 000 0 eng d
020 _a9781315632483
037 _aEBOOK
040 _aCRL
040 _beng
040 _cCRL
041 _2eng
041 _aeng
084 _qCRL
100 _aScott Myers-Lipton
_91159405
245 0 _aRebuild America
245 0 _bSolving the Economic Crisis Through Civic Works
260 _bTaylor and Francis
260 _c2010
365 _a
365 _b340
856 _uhttp://www.taylorfrancis.com/books/9781315632483
942 _cEBOOK
999 _c1770582
_d1770582